Analýza souladu obsahu ICT studijních oborů s požadavky praxe v České republice

Znalostné profily informačných štúdií v Českej republike a porovnanie požiadaviek praxe s tým, čo vyučujú vysoké školy v danom odbore. Prieskum a porovnanie.

Gespeichert in:
Bibliographische Detailangaben
1. Verfasser: Doucek, Petr
Weitere Verfasser: Maryška, Miloš, Novotný, Ota
Format: Buchkapitel
Sprache:Tschechisch
Schlagworte:
Tags: Tag hinzufügen
Keine Tags, Fügen Sie das erste Tag hinzu!

MARC

LEADER 00000naa a2200000 4500
001 0176617
005 20231207102257.4
041 0 |a cze 
044 |a CZ 
245 1 0 |a Analýza souladu obsahu ICT studijních oborů s požadavky praxe v České republice  |c Petr Doucek, Miloš Maryška, Ota Novotný 
520 |a Znalostné profily informačných štúdií v Českej republike a porovnanie požiadaviek praxe s tým, čo vyučujú vysoké školy v danom odbore. Prieskum a porovnanie. 
610 2 0 |a Česko 
610 2 0 |a štúdium vysokoškolské 
610 2 0 |a štúdium bakalárske 
610 2 0 |a štúdium magisterské 
610 2 0 |a programy študijné 
610 2 0 |a predmety učebné 
610 2 0 |a technológie informačné 
610 2 0 |a technológie komunikačné 
100 1 |a Doucek, Petr 
700 1 |a Maryška, Miloš 
700 1 |a Novotný, Ota